[Event "ITA-ch Seniors 65 44th"]
[Site "Macerata"]
[Date "2022.09.30"]
[Round "7"]
[White "Iudicello, Giovanni"]
[Black "Serpilli, Paolo"]
[Result "1/2-1/2"]
[WhiteElo "2085"]
[BlackElo "1777"]
[PlyCount "139"]
[EventDate "2022.09.25"]
[EventType "swiss"]
[EventRounds "9"]
[EventCountry "ITA"]
[SourceTitle "EXT 2024"]
[Source "ChessBase"]
[SourceDate "2023.10.10"]
[SourceVersion "1"]
[SourceVersionDate "2023.10.10"]
[SourceQuality "1"]

1. e4 c6 2. d4 d5 3. Nc3 g6 4. Nf3 Bg4 5. Be2 e6 6. 0-0 Nf6 7. exd5 cxd5 8. Bf4 a6 9. h3 Bxf3 10. Bxf3 Bg7 11. Qd2 0-0 12. Rfe1 Nc6 13. Rad1 Rc8 14. Ne2 Qa5 15. Nc1 Qxd2 16. Rxd2 Nd7 17. c3 Na5 18. Nd3 Nc4 19. Rde2 h6 20. h4 Rfd8 21. g4 a5 22. Kg2 Bf8 23. Kg3 Kh7 24. Bg2 Bd6 25. Bxd6 Nxd6 26. Ne5 Nxe5 27. Rxe5 b5 28. f4 b4 29. cxb4 axb4 30. h5 Rc2 31. hxg6+ Kxg6 32. R5e2 Rdc8 33. f5+ exf5 34. Bxd5 fxg4 35. Kxg4 Rxe2 36. Rxe2 h5+ 37. Kf4 Nb5 38. Be4+ Kf6 39. Rd2 Rc1 40. d5 Rf1+ 41. Bf3 Nd6 42. b3 h4 43. Rd3 Rf2 44. Kg4 Rxa2 45. Kxh4 Rc2 46. Bd1 Rc3 47. Rd2 Ke5 48. Re2+ Kxd5 49. Kg4 Ne4 50. Kf4 Nd6 51. Rd2+ Kc5 52. Bf3 Nb5 53. Rd5+ Kb6 54. Be2 Nc7 55. Rd3 Kc5 56. Ke3 Nd5+ 57. Ke4 Nf6+ 58. Ke3 Rc2 59. Bf3 Rc3 60. Be2 Rxd3+ 61. Kxd3 Ne8 62. Ke4 Nd6+ 63. Ke5 f6+ 64. Kxf6 Kd4 65. Bh5 Kc3 66. Ke5 Nb5 67. Kd5 Kxb3 68. Kc5 Nc3 69. Bf7+ Nd5 70. Bxd5+ 1/2-1/2

[Event "Wch Seniors 65 28th"]
[Site "Bled"]
[Date "2018.11.27"]
[Round "9"]
[White "Iudicello, Giovanni"]
[Black "Van Riemsdijk, Herman Claudius"]
[Result "0-1"]
[WhiteElo "2138"]
[BlackElo "2270"]
[PlyCount "128"]
[EventDate "2018.11.18"]
[EventType "swiss"]
[EventRounds "11"]
[EventCountry "SLO"]
[SourceTitle "CBM 187 Extra"]
[Source "ChessBase"]
[SourceDate "2018.11.04"]
[SourceVersion "1"]
[SourceVersionDate "2018.11.04"]
[SourceQuality "1"]

1. e4 e5 2. Nf3 Nc6 3. Bb5 a6 4. Ba4 Nf6 5. 0-0 Be7 6. Re1 b5 7. Bb3 d6 8. c3 0-0 9. h3 Na5 10. Bc2 c5 11. d4 Qc7 12. d5 c4 13. Nbd2 Nb7 14. Nf1 Nc5 15. Ng3 g6 16. Bh6 Re8 17. Qd2 Kh8 18. Ng5 Bd8 19. Nf3 Ng8 20. Bg5 Bxg5 21. Nxg5 f6 22. Nf3 a5 23. Nh2 Qg7 24. Nhf1 Ra7 25. Ne3 a4 26. a3 Rf7 27. f3 Ref8 28. Nd1 f5 29. Rb1 Qf6 30. Nf2 Qh4 31. Nf1 Nf6 32. Nh2 Kg7 33. Rbd1 Nh5 34. Nh1 Nf4 35. Qf2 Qg5 36. Qg3 Qd8 37. Rd2 h5 38. Red1 fxe4 39. Bxe4 Nxe4 40. fxe4 Qb6+ 41. Nf2 Nd3 42. Nf3 Qe3 43. Rxd3 cxd3 44. Rxd3 Qe2 45. Kh2 Qxb2 46. Nh4 Rf6 47. Rf3 R8f7 48. Nd1 Qd2 49. Rxf6 Rxf6 50. Ne3 Kf7 51. Qg5 Qf2 52. c4 Qf4+ 53. Qg3 g5 54. Nf3 h4 55. Qxf4 gxf4 56. Nd1 bxc4 57. Nxh4 Bd7 58. Nf3 Rg6 59. Nc3 Rg3 60. Ne2 Rg8 61. Nd2 Ke7 62. g4 fxg3+ 63. Nxg3 Rxg3 64. Kxg3 c3 0-1

[Event "Wch Seniors 65 28th"]
[Site "Bled"]
[Date "2018.11.23"]
[Round "6"]
[White "Ilic, Slobodan S2222"]
[Black "Iudicello, Giovanni"]
[Result "1-0"]
[WhiteElo "2026"]
[BlackElo "2138"]
[PlyCount "83"]
[EventDate "2018.11.18"]
[EventType "swiss"]
[EventRounds "11"]
[EventCountry "SLO"]
[SourceTitle "CBM 187 Extra"]
[Source "ChessBase"]
[SourceDate "2018.11.04"]
[SourceVersion "1"]
[SourceVersionDate "2018.11.04"]
[SourceQuality "1"]

1. Nf3 Nf6 2. c4 g6 3. Nc3 Bg7 4. g3 d6 5. Bg2 0-0 6. 0-0 e5 7. d3 Nc6 8. Rb1 a5 9. a3 Nd4 10. Nd2 Ne8 11. b4 axb4 12. axb4 f5 13. Bb2 f4 14. b5 g5 15. Nce4 Ne6 16. Ra1 Rb8 17. Qb3 Kh8 18. Ra2 Nf6 19. Bc3 Qe7 20. Qb2 Nxe4 21. Nxe4 Bd7 22. Ra7 g4 23. Re1 f3 24. Bf1 Qf7 25. b6 Bc6 26. bxc7 Qxc7 27. exf3 gxf3 28. Qa3 Bxe4 29. Rxe4 Nc5 30. Re1 Qc6 31. Ra5 Rfd8 32. Rb5 Ra8 33. Qc1 Ra2 34. Qe3 Ne6 35. Reb1 Rd7 36. Rb6 Qc8 37. Qxf3 Nc5 38. Bh3 Qd8 39. Bxd7 Qxd7 40. Bb4 e4 41. dxe4 Bd4 42. Qf8# 1-0

[Event "ITA-ch rapid"]
[Site "Chianciano Terme"]
[Date "2018.03.31"]
[Round "3"]
[White "Moroni, Luca Jr"]
[Black "Iudicello, Giovanni"]
[Result "1-0"]
[WhiteElo "2559"]
[BlackElo "2118"]
[PlyCount "96"]
[EventDate "2018.03.31"]
[EventType "swiss (rapid)"]
[EventRounds "7"]
[EventCountry "ITA"]
[SourceTitle "CBM 183 Extra"]
[Source "ChessBase"]
[SourceDate "2018.04.19"]
[SourceVersion "1"]
[SourceVersionDate "2018.04.19"]
[SourceQuality "1"]

1. d4 Nf6 2. c4 g6 3. g3 Bg7 4. Bg2 0-0 5. Nc3 d6 6. Nf3 Nbd7 7. 0-0 e5 8. e4 c6 9. b3 Re8 10. h3 exd4 11. Nxd4 Nc5 12. Re1 a5 13. Rb1 h5 14. Bg5 Qb6 15. Be3 Qc7 16. Bf4 Nfd7 17. Be3 Ne5 18. Qc2 Ned3 19. Red1 Nb4 20. Qd2 Nd7 21. Nde2 Bf8 22. f4 Na6 23. a3 Nac5 24. b4 axb4 25. axb4 Na4 26. Bd4 Nxc3 27. Bxc3 Qb6+ 28. Kh2 f6 29. Bd4 Qc7 30. Ra1 Rxa1 31. Bxa1 Qb6 32. Bc3 Be7 33. Qb2 Kf7 34. Nd4 c5 35. Nb5 cxb4 36. Bxb4 Nc5 37. Ba3 Kg7 38. Nxd6 Qxb2 39. Nxe8+ Kf8 40. Bxb2 Kxe8 41. e5 f5 42. Bd5 Ne6 43. Bc3 h4 44. Ra1 hxg3+ 45. Kxg3 Nc7 46. Ba5 Na6 47. Bb6 Kd7 48. h4 Nb8 1-0

[Event "Milan Crespi op-A 35th"]
[Site "Milan"]
[Date "2014.12.09"]
[Round "5"]
[White "Tramalloni, Luca"]
[Black "Iudicello, Giovanni"]
[Result "1/2-1/2"]
[WhiteElo "2053"]
[BlackElo "2099"]
[PlyCount "142"]
[EventDate "2014.12.06"]
[EventType "swiss"]
[EventRounds "9"]
[EventCountry "ITA"]
[SourceTitle "EXT 2016"]
[Source "ChessBase"]
[SourceDate "2015.10.08"]
[SourceVersion "1"]
[SourceVersionDate "2015.10.08"]
[SourceQuality "1"]

1. d4 Nf6 2. c4 g6 3. Nc3 Bg7 4. e4 d6 5. h3 0-0 6. Nf3 e5 7. d5 a5 8. Be3 Na6 9. g4 Nc5 10. Nd2 c6 11. Be2 cxd5 12. cxd5 Ne8 13. g5 f5 14. h4 Nxe4 15. Ndxe4 fxe4 16. Nxe4 Bf5 17. f3 a4 18. Qd2 Rf7 19. a3 Rb8 20. Rc1 b5 21. 0-0 Bf8 22. Kg2 Qd7 23. Rh1 Be7 24. Rc6 Qd8 25. Rcc1 Ng7 26. Ng3 Qd7 27. Rc6 Qd8 28. Rcc1 Bd7 29. h5 Nf5 30. Nxf5 Bxf5 31. hxg6 Bxg6 32. Rh4 Rg7 33. Rb4 Be8 34. Rg4 Bd7 35. Rg3 Bf5 36. Kf2 Qd7 37. Bd3 Rf8 38. Bxf5 Qxf5 39. Rcg1 Rg6 40. Ke2 Rc8 41. Rc1 Rf8 42. Qd3 Qd7 43. Rh1 Qf5 44. Qxf5 Rxf5 45. Rhg1 Rf8 46. Rg4 Rb8 47. Rc1 Rg7 48. Rc6 Kf7 49. Kd3 Kg6 50. Rb4 Kf5 51. Rc7 Bf8 52. Rxg7 Bxg7 53. Rh4 Kg6 54. Re4 Rf8 55. Rb4 Rb8 56. Bd2 Bf8 57. b3 axb3 58. a4 Be7 59. axb5 Bxg5 60. Be1 Bd8 61. Rxb3 Bb6 62. Rb4 h5 63. Ra4 Bc5 64. Kc4 Rf8 65. Bb4 Rf4+ 66. Kb3 Rxf3+ 67. Ka2 Rf2+ 68. Kb3 Rf3+ 69. Kc2 Rf2+ 70. Kb3 Rf3+ 71. Kc2 Rf2+ 1/2-1/2

[Event "Milan Crespi op-A 35th"]
[Site "Milan"]
[Date "2014.12.07"]
[Round "2"]
[White "Iudicello, Giovanni"]
[Black "Battistella, Stefano"]
[Result "1/2-1/2"]
[WhiteElo "2099"]
[BlackElo "2055"]
[PlyCount "128"]
[EventDate "2014.12.06"]
[EventType "swiss"]
[EventRounds "9"]
[EventCountry "ITA"]
[SourceTitle "EXT 2016"]
[Source "ChessBase"]
[SourceDate "2015.10.08"]
[SourceVersion "1"]
[SourceVersionDate "2015.10.08"]
[SourceQuality "1"]

1. e4 g6 2. d4 Bg7 3. Nc3 c6 4. Nf3 d6 5. h3 Nf6 6. Bd3 a5 7. 0-0 0-0 8. a4 Na6 9. Be3 Nb4 10. Re1 Nxd3 11. Qxd3 Qc7 12. Qd2 Bd7 13. Bh6 e5 14. Rad1 Rfe8 15. Bxg7 Kxg7 16. Re3 Rad8 17. dxe5 dxe5 18. Rd3 Re7 19. g4 h6 20. Qe3 Rde8 21. Qc5 Bc8 22. Rd6 Nd7 23. Qe3 Nb6 24. b3 Re6 25. R6d3 Nd7 26. Kg2 Nf8 27. Qc5 b6 28. Qe3 Nd7 29. Qd2 Nc5 30. Rd6 Nb7 31. Rd3 Nc5 32. Rd8 Nb7 33. Rxe8 Rxe8 34. Qe3 Nc5 35. Qd2 Nb7 36. Qe2 Nc5 37. Kg3 Ne6 38. Qd3 Rd8 39. Qc4 Rxd1 40. Nxd1 Nc5 41. Qe2 Qd6 42. Nc3 Ba6 43. Qd2 Qxd2 44. Nxd2 Ne6 45. Nd1 f6 46. f3 Kf7 47. Kf2 b5 48. Nb2 Nf4 49. h4 Ke6 50. c4 b4 51. Nd1 Kd6 52. Ne3 Kc5 53. Nc2 Ne6 54. Ke3 Kd6 55. Ne1 Nc5 56. f4 exf4+ 57. Kxf4 Bc8 58. Nef3 g5+ 59. hxg5 hxg5+ 60. Kg3 Bd7 61. e5+ Ke6 62. exf6 Kxf6 63. Nd4 Ke5 64. N4f3+ Kf6 1/2-1/2

[Event "Milan Crespi op-A 35th"]
[Site "Milan"]
[Date "2014.12.06"]
[Round "1"]
[White "Gabuzyan, Hovhannes"]
[Black "Iudicello, Giovanni"]
[Result "1-0"]
[WhiteElo "2565"]
[BlackElo "2099"]
[PlyCount "183"]
[EventDate "2014.12.06"]
[EventType "swiss"]
[EventRounds "9"]
[EventCountry "ITA"]
[SourceTitle "EXT 2016"]
[Source "ChessBase"]
[SourceDate "2015.10.08"]
[SourceVersion "1"]
[SourceVersionDate "2015.10.08"]
[SourceQuality "1"]

1. e4 e5 2. Nf3 Nc6 3. Bb5 a6 4. Ba4 Nf6 5. 0-0 Be7 6. Re1 b5 7. Bb3 d6 8. c3 0-0 9. h3 Na5 10. Bc2 c5 11. d4 Qc7 12. d5 Bd7 13. b3 Nb7 14. Be3 c4 15. b4 a5 16. a3 Ra6 17. Nh2 Rfa8 18. Nf1 Ne8 19. g4 g6 20. Ng3 Ng7 21. Kh1 Qd8 22. Qd2 f6 23. Rg1 Kh8 24. Bh6 Bf8 25. Qe2 Qe7 26. Qf3 Nd8 27. Bc1 Nf7 28. Nd2 Ne8 29. a4 axb4 30. cxb4 Bh6 31. a5 Nc7 32. Ne2 Rf8 33. Qg3 Raa8 34. h4 Na6 35. Rb1 Rac8 36. Rg2 Rfe8 37. Qc3 Qd8 38. Bb2 Bg7 39. Rbg1 Qe7 40. Rh2 Rf8 41. h5 Kg8 42. Nf3 g5 43. Qd2 h6 44. Bc3 Rb8 45. Rhg2 Qd8 46. Bd1 Qc8 47. Qe3 Re8 48. Nh2 Rb7 49. Nf1 Qb8 50. Qh3 Qc8 51. Ne3 Qd8 52. Nf5 Bf8 53. Bc2 Rb8 54. Bb1 Rb7 55. Qe3 Nh8 56. Qd2 Nf7 57. Qc2 Rb8 58. Ne3 Bg7 59. Nf5 Bf8 60. f4 Rb7 61. Ne3 Bg7 62. fxg5 fxg5 63. Ng3 Qc8 64. Ngf5 Bxf5 65. Nxf5 Bf8 66. Rf1 Rd8 67. Rgf2 Rdd7 68. Rf3 Qd8 69. Qf2 Qe8 70. Bc2 Qd8 71. Bd1 Qb8 72. Bc2 Qe8 73. Qe3 Qd8 74. R3f2 Qe8 75. Qf3 Nd8 76. Qe2 Nf7 77. Ne3 Bg7 78. Rf3 Nd8 79. R1f2 Rbc7 80. Nf5 Bf8 81. Qf1 Ra7 82. Qe1 Rab7 83. Bd2 Rdc7 84. Be3 Rb8 85. Bb6 Rf7 86. Bb1 Rbb7 87. Qf1 Nxb4 88. Bxd8 Qxd8 89. Nxh6+ Bxh6 90. Rxf7 Rxf7 91. Rxf7 Qe8 92. Rb7 1-0

[Event "Milan Crespi op-A 34th"]
[Site "Milan"]
[Date "2013.11.30"]
[Round "1"]
[White "Iudicello, Giovanni"]
[Black "Rusev, Krasimir"]
[Result "0-1"]
[WhiteElo "2134"]
[BlackElo "2539"]
[PlyCount "108"]
[EventDate "2013.11.30"]
[EventType "swiss"]
[EventRounds "9"]
[EventCountry "ITA"]
[SourceTitle "CBM 157 Extra"]
[Source "ChessBase"]
[SourceDate "2013.12.19"]
[SourceVersion "1"]
[SourceVersionDate "2013.12.19"]
[SourceQuality "1"]

1. Nf3 d5 2. g3 c6 3. Bg2 Bg4 4. d3 Nd7 5. Nbd2 e6 6. h3 Bh5 7. 0-0 Bd6 8. e4 Ne7 9. Qe1 0-0 10. Nh2 e5 11. g4 Bg6 12. Qe2 Nc5 13. h4 f6 14. h5 Bf7 15. Ndf3 Ne6 16. Nh4 a5 17. Be3 a4 18. a3 b5 19. Kh1 Qc7 20. Rg1 d4 21. Bd2 c5 22. Nf5 h6 23. Nf1 Rab8 24. N1g3 Kh7 25. Nxd6 Qxd6 26. Nf5 Qc7 27. Raf1 Nf4 28. Qf3 Nxf5 29. gxf5 Bxh5 30. Qg3 c4 31. Bf3 Be8 32. Bd1 c3 33. bxc3 dxc3 34. Bxc3 Rf7 35. Bb4 Rd7 36. Qh2 Bf7 37. Rg3 Ba2 38. Rfg1 Bb1 39. f3 Rc8 40. c3 Bxd3 41. Rg4 Bc4 42. Qg3 Bb3 43. Bxb3 axb3 44. Bd6 Nh5 45. Qh4 Qxd6 46. Qxh5 Qf8 47. f4 Rc5 48. fxe5 Rxe5 49. Rb1 Qxa3 50. Qg6+ Kh8 51. Rh4 Qe7 52. Rxb3 Rxe4 53. Rxe4 Qxe4+ 54. Kh2 Rd2+ 0-1

[Event "ITA-ch Seniors 35th"]
[Site "Arco"]
[Date "2013.04.17"]
[Round "6"]
[White "Laco, Giuseppe"]
[Black "Iudicello, Giovanni"]
[Result "0-1"]
[WhiteElo "2073"]
[BlackElo "2127"]
[PlyCount "78"]
[EventDate "2013.04.12"]
[EventType "swiss"]
[EventRounds "9"]
[EventCountry "ITA"]
[SourceTitle "CBM 154 Extra"]
[Source "ChessBase"]
[SourceDate "2013.06.25"]
[SourceVersion "2"]
[SourceVersionDate "2013.06.25"]
[SourceQuality "1"]

1. c4 g6 2. Nc3 Bg7 3. d4 Nf6 4. e4 d6 5. f3 0-0 6. Be3 e5 7. d5 Nh5 8. g4 Nf4 9. h4 f5 10. Bxf4 exf4 11. exf5 gxf5 12. g5 Re8+ 13. Be2 Nd7 14. Qd2 Nc5 15. Nh3 Bd7 16. Nxf4 Qe7 17. Kf2 Qe5 18. Rad1 Re7 19. Rhe1 Rae8 20. Ng2 Qh2 21. Qf4 Qh3 22. Qd2 Be5 23. Rg1 Qg3+ 24. Kf1 Bxc3 25. Qf4 Qxf4 26. Nxf4 Be5 27. Nh5 Kf7 28. b4 Na6 29. f4 Bc3 30. Ng3 Kg7 31. b5 Nc5 32. Bh5 Re1+ 33. Kg2 Rxg1+ 34. Rxg1 Re1 35. Ne2 Rxg1+ 36. Nxg1 Nd3 37. Nh3 Be1 38. Kf3 Nb2 39. Kg2 Nxc4 0-1

[Event "Milan Carnevale op 4th"]
[Site "Milan"]
[Date "2013.02.13"]
[Round "1"]
[White "Reale, Simone"]
[Black "Iudicello, Giovanni"]
[Result "1-0"]
[WhiteElo "1923"]
[BlackElo "2130"]
[PlyCount "81"]
[EventDate "2013.02.13"]
[EventType "swiss"]
[EventRounds "6"]
[EventCountry "ITA"]
[SourceTitle "EXT 2014"]
[Source "ChessBase"]
[SourceDate "2013.11.20"]
[SourceVersion "1"]
[SourceVersionDate "2013.11.20"]
[SourceQuality "1"]

1. d4 Nf6 2. c4 g6 3. Nc3 Bg7 4. e4 d6 5. Nf3 0-0 6. Be2 e5 7. 0-0 Nc6 8. d5 Ne7 9. b4 Ne8 10. Nd2 f5 11. c5 f4 12. Bg4 Bxg4 13. Qxg4 h5 14. Qe2 Rf7 15. f3 g5 16. Nc4 Bf8 17. Bb2 Ng6 18. Na5 Rb8 19. c6 b6 20. Nb7 Qf6 21. a4 Rg7 22. a5 Nh4 23. Nb5 bxa5 24. Rxa5 g4 25. Kh1 Kh8 26. Rxa7 gxf3 27. gxf3 Rg2 28. Rf2 Rg7 29. Ra1 Be7 30. Rg1 Rxg1+ 31. Kxg1 Ra8 32. Bc3 Bd8 33. Kh1 Qg6 34. Rf1 Kh7 35. Rg1 Qf7 36. Be1 Bf6 37. Bxh4 Bxh4 38. Qg2 Ra4 39. Qh3 Rxb4 40. Qxh4 Rxb5 41. Nd8 1-0

[Event "Milan Province-ch"]
[Site "Milan"]
[Date "2013.01.27"]
[Round "5"]
[White "Iudicello, Giovanni"]
[Black "Andreoni, Giuseppe"]
[Result "1-0"]
[WhiteElo "2130"]
[BlackElo "2121"]
[PlyCount "51"]
[EventDate "2013.01.24"]
[EventType "swiss"]
[EventRounds "6"]
[EventCountry "ITA"]
[SourceTitle "EXT 2014"]
[Source "ChessBase"]
[SourceDate "2013.11.20"]
[SourceVersion "1"]
[SourceVersionDate "2013.11.20"]
[SourceQuality "1"]

1. e4 c5 2. Nf3 d6 3. d4 cxd4 4. Nxd4 Nf6 5. Nc3 a6 6. Bg5 Nbd7 7. Qd2 e6 8. Be2 b5 9. a3 Bb7 10. f3 Be7 11. 0-0-0 d5 12. exd5 Nxd5 13. Bxe7 Qxe7 14. Nxd5 Bxd5 15. Nf5 exf5 16. Qxd5 0-0 17. Rd2 Qg5 18. Bd3 Rfd8 19. Qxf5 Qh6 20. h4 Rac8 21. Qg5 Qb6 22. Rhd1 Rc5 23. Qf4 Rdc8 24. Kb1 Ne5 25. Bf5 Qf6 26. Bxc8 1-0

[Event "Milan Crespi op-B 33rd"]
[Site "Milan"]
[Date "2012.12.07"]
[Round "8"]
[White "Iudicello, Giovanni"]
[Black "Iturbide Arnedo, Oscar"]
[Result "0-1"]
[WhiteElo "2149"]
[BlackElo "2132"]
[PlyCount "96"]
[EventDate "2012.12.01"]
[EventType "swiss"]
[EventRounds "9"]
[EventCountry "ITA"]
[SourceTitle "EXT 2014"]
[Source "ChessBase"]
[SourceDate "2013.11.20"]
[SourceVersion "1"]
[SourceVersionDate "2013.11.20"]
[SourceQuality "1"]

1. e4 d5 2. exd5 Qxd5 3. Nc3 Qa5 4. d4 e5 5. dxe5 Nc6 6. Nf3 Bb4 7. Bd2 Bg4 8. Bb5 0-0-0 9. Bxc6 bxc6 10. Qe2 Ne7 11. 0-0 Bxf3 12. gxf3 Nf5 13. a3 Nd4 14. Qe4 Qxe5 15. axb4 Qxe4 16. fxe4 Nf3+ 17. Kg2 Nxd2 18. Rfe1 Nc4 19. b3 Nb6 20. Rxa7 Rd2 21. Ra2 Rhd8 22. Kf1 R8d6 23. Re3 Rf6 24. Re2 Rd4 25. b5 cxb5 26. Nxb5 Rd1+ 27. Re1 Rd2 28. Re2 Rd1+ 29. Kg2 Rg6+ 30. Kf3 Rh6 31. Ke3 Rxh2 32. c4 Rb1 33. Rab2 Rxb2 34. Rxb2 Nd7 35. Nd4 Ne5 36. Rb1 c5 37. Nf5 g6 38. Ng3 Ng4+ 39. Kf3 Ne5+ 40. Ke3 Ng4+ 41. Kf3 h5 42. Rb2 Ne5+ 43. Ke3 Rg2 44. Rd2 h4 45. Nh1 Rg1 46. f4 Re1+ 47. Kf2 Rxh1 48. Kg2 Rh2+ 0-1